Veřejný dluh v ekonomice a hospodářske politice

Problematika verejného dlhu a súvislosti s poslednou ekonomickou krízou. Extenzívna hospodárska politika zameraná na makroekonomickú stabilitu a súvislosti s navýšením verejného dlhu. Fiškálna politika, spôsob vývoja a riešenia verejného dlhu.

Guardado en:
Detalles Bibliográficos
Autor principal: Mertl, Jan
Formato: Capítulo de libro
Lenguaje:checo
Materias:
Etiquetas: Agregar Etiqueta
Sin Etiquetas, Sea el primero en etiquetar este registro!

MARC

LEADER 00000naa a2200000 4500
001 0227144
005 20221104110638.7
041 0 |a cze 
044 |a CZ 
245 1 0 |a Veřejný dluh v ekonomice a hospodářske politice  |c Jan Mertl 
520 |a Problematika verejného dlhu a súvislosti s poslednou ekonomickou krízou. Extenzívna hospodárska politika zameraná na makroekonomickú stabilitu a súvislosti s navýšením verejného dlhu. Fiškálna politika, spôsob vývoja a riešenia verejného dlhu. 
610 2 0 |a dlhy verejné 
610 2 0 |a zadlženosť vnútorná 
610 2 0 |a pôžičky verejné 
610 2 0 |a politika fiškálna 
610 2 0 |a politika finančná 
610 2 0 |a vývoj hospodársky 
610 2 0 |a rovnováha 
100 1 |a Mertl, Jan